Celebrity Images (A-Z) Quiz Stats

 Plays Quiz Updated Dec 7, 2013

Support Sporcle.
Go Orange.
Score 0/25 Timer 05:00
1 Play Today
% Correct
Justin Bieber
97.8%
Will Smith
96.6%
Michelle Obama
96.3%
Elvis Presley
94.7%
Morgan Freeman
94.3%
Steve Jobs
94%
Leonardo DiCaprio
94%
Muhammad Ali
93.9%
John Travolta
91.4%
Paris Hilton
91.1%
Whoopi Goldberg
91%
Oprah Winfrey
91%
Eddie Murphy
90.6%
% Correct
Mariah Carey
88.6%
Jennifer Lopez
86.5%
Julia Roberts
86.5%
Nicole Kidman
82.4%
Chuck Norris
81.7%
Clint Eastwood
81.5%
Vince Vaughn
80.7%
Steve Irwin
79.5%
Catherine Zeta-Jones
73.7%
Carrie Underwood
72.3%
'Weird Al' Yankovic
68.1%
Dennis Quaid
67.8%

From the Vault

Big 4 Typing Challenges

by 12bball

Who knows, maybe typing will be considered a real sport one day.
Remove Ads.
Support Sporcle.
Get the best of Sporcle when you Go Orange. This ad-free experience offers more features, more stats, and more fun while also helping to support Sporcle. Thank you for becoming a member.

Show Comments

Extras

Top Quizzes Today


Score Distribution

Your Account Isn't Verified!

In order to create a playlist on Sporcle, you need to verify the email address you used during registration. Go to your Sporcle Settings to finish the process.

Report this User

Report this user for behavior that violates our Community Guidelines.

Details: